000 00659nam a2200205Ia 4500
003 GCL
008 140319s9999 xx 000 0 ara d
040 _aGCL /
_cGCL
082 0 4 _a811.008
_bع م
100 1 _aعصام السيوفى
245 1 0 _aالمرأة فى الادب الجاهلى /
_cعصام السيوفى
260 _a[S.N] :
_bدار الفكر اللبنانى ،
_c1991
300 _a158 ص
490 _aالمرأة فى التراث العربى
_v0
650 0 4 _aالشعر العربى
650 0 4 _aالادب العربى
650 0 4 _aالعصر الجاهلى
650 0 4 _aالمرأة فى الادب
942 _2ddc
_cBK
999 _c55341
_d55341